Statistics for Ultimate Song Lyrics Quiz

Click here to take the quiz!

General Stats

  • This quiz has been taken 11,040 times
  • The average score is 19 of 48

Answer Stats

LyricMusical ActSong% Correct
Thunderbolt and lightning, very, very frigh'ningQueenBohemian Rhapsody
85%
I see trees of green, red roses tooLouis ArmstrongWhat a Wonderful World
83%
If you wanna be my lover, you gotta get with my friendsSpice GirlsWannabe
71%
Drove my Chevy to the levee but the levee was dryDon McLeanAmerican Pie
70%
Every step you take, I’ll be watching youThe PoliceEvery Breath You Take
69%
Hands, touching hands. Reaching out, touching me, touching youNeil DiamondSweet Caroline
68%
To the left, to the left. Everything you own in the box to the leftBeyonceIrreplaceable
67%
You can brush my hair. Undress me everywhereAquaBarbie Girl
63%
Sun-kissed skin, so hot, we'll melt your popsicleKaty PerryCalifornia Gurls
60%
I want your ugly. I want your diseaseLady GagaBad Romance
58%
You probably think this song is about youCarly SimonYou're So Vain
57%
Baby don't hurt me. Don't hurt me. No moreHaddawayWhat is Love?
55%
That's me in the corner, that's me in the spotlightR.E.M.Losing My Religion
54%
It goes like this: the fourth, the fifth. The minor fall, the major liftLeonard CohenHallelujah
53%
You never caught a rabbit and you ain't no friend of mineElvis PresleyHound Dog
50%
Let me be your ruler, you can call me Queen BLordeRoyals
49%
Shake it like a Polaroid pictureOutkastHey Ya!
49%
They're sharing a drink they call lonelinessBilly JoelPiano Man
47%
You are my fire. My one desireBackstreet BoysI Want It That Way
44%
Are we human, or are we dancer?The KillersHuman
41%
Feel the beat from the tambourineAbbaDancing Queen
41%
Hanging at the passenger side of his best friend's rideTLCNo Scrubs
41%
'Scuse me while I kiss the skyJimi HendrixPurple Haze
40%
I shot a man in Reno, just to watch him dieJohnny CashFolsom Prison Blues
40%
My anaconda don't want none, unless you've got buns, honSir Mix-a-LotBaby Got Back
40%
Regrets, I've had a few. But then again, too few to mentionFrank SinatraMy Way
39%
Well I was standing on a corner in Winslow, ArizonaEaglesTake it Easy
35%
Don't be fooled by the rocks that I gotJennifer LopezJenny From the Block
32%
Weren't you the one who tried to hurt me with goodbye?Gloria GaynorI Will Survive
31%
If the sky that we look upon should tumble and fallBen E. KingStand by Me
31%
We're just two lost souls swimming in a fish bowlPink FloydWish You Were Here
30%
'Cause at the rate I'm going when I'm thirty, I'll be the only
person in the nursing home flirting
EminemThe Real Slim Shady
29%
But since your dad walked out, your mom could use a guy like meFountains of WayneStacy's Mom
27%
But time makes you bolder, even children get olderFleetwood MacLandslide
27%
Life goes on, long after the thrill of living is goneJohn MellencampJack & Diane
27%
They had a broken keyboard, I bought a broken keyboardMacklemoreThrift Shop
27%
Win the Super Bowl and drive off in a HyundaiKanye WestGold Digger
26%
I'm feeling sexy and free, like glitter's raining on meJessie JDomino
24%
She had dumps like a truck, truck, truckSisqoThong Song
22%
Party in the city where the heat is on. All night,
on the beach till the break of dawn
Will SmithMiami
21%
Don't try to take me to a disco. You'll never even
get me out on the floor
Bob SegerOld Time Rock & Roll
20%
T'was in the darkest depths of Mordor, I met a girl so fairLed ZeppelinRamble On
20%
It was all a dream, I used to read Word Up! magazineThe Notorious B.I.G.Juicy
17%
And it didn't take 'em long to decide, that Earl had to dieDixie ChicksGoodbye Earl
16%
It's better to burn out, than to fade awayNeil YoungMy My, Hey Hey
14%
Don't you know that other kids are starving in JapanWeird AlEat It
12%
Get crazy with the cheese whizBeckLoser
10%
Oh, snap! Guess what I saw?Biz MarkieJust a Friend
6%

Score Distribution

Percentile by Number Answered

Percent of People with Each Score

Your Score History

You have not taken this quiz